ბათუმის შოთა რუსთაველის სახელმწიფო უნივერსიტეტის ბიბლიოთეკა

ბათუმის არქეოლოგიური მუზეუმი : (ბიბ.ჩანაწერი № 59861)

000 -ლიდერი
ფიქსირებული სიგრძის საკონტროლო ველი 01210nam a22002297a 4500
003 - საკონტროლო ნომრის იდენტიფიკატორი
საკონტროლო ველი Ge_BSU
005 - ბოლო ოპერაციის თარიღი და დრო
საკონტროლო ველი 20230501163727.0
008 - ფიქსირებული სიგრძის მონაცემთა ელემენტები - ზოგადი ინფორმაცია
ფიქსირებული სიგრძის საკონტროლო ველი 230501s2002 ge ||||| |||| 00| 0 geo d
020 ## - წიგნის საერთაშორისო სტანდარტული ნომერი
International Standard Book Number 15120716
041 ## - ენის კოდი
Language code of text/sound track or separate title geo
080 ## - უნივერსალური ათობითი კლასიფიკაციის ინდექსი
Universal Decimal Classification number 069.02(479.223) ბ-17
245 ## - ცნობა სათაურის შესახებ
Title ბათუმის არქეოლოგიური მუზეუმი :
Remainder of title შრომები=Труды=The Works. ტ.2 /
Statement of responsibility, etc მთავარი რედ. ამირან კახიძე; რედ. მ. ვიკერსი, მ. ხალვაში, თ. ლომთათიძე და სხვ.
264 ## - წარმოების, გამოცემის, დისტრიბუციის და სხვა ცნობები
გამოცემის, წარმოების, დისტრიბუციის... ადგილი ბათუმი,
გამოცემის, წარმოების, დისტრიბუციის... თარიღი 2002.
300 ## - ფიზიკური აღწერა
Extent 107 გვ. :
Other physical details ილ.;
Dimensions 29 სმ.
504 ## - BIBLIOGRAPHY, ETC. NOTE
Bibliography, etc ბიბლიოგრ. თავების ბოლოს
653 ## - INDEX TERM--UNCONTROLLED
Uncontrolled term არქეოლოგია
700 ## - ADDED ENTRY--PERSONAL NAME
Personal name კახიძე, ამირან
Relator term მთავარი რედაქტორი
9 (RLIN) 17891
700 ## - ADDED ENTRY--PERSONAL NAME
Personal name ვიკერსი, მ.
Relator term რედაქტორი
9 (RLIN) 6723
700 ## - ADDED ENTRY--PERSONAL NAME
Personal name ხალვაში, მ.
Relator term რედაქტორი
9 (RLIN) 6749
700 ## - ADDED ENTRY--PERSONAL NAME
Personal name ლომთათიძე, თ. და სხვ.
Relator term რედაქტორი
9 (RLIN) 17892
942 ## - ADDED ENTRY ELEMENTS (KOHA)
Source of classification or shelving scheme
Koha item type წიგნი
ეგზემპლარები
ჩამოწერის სტატუსი დაკარგული ეგზემპლარის სტატუსი კლასიფიკაციის წყარო ან თაროზე გაწყობის სქემა დაზიანების სტატუსი არ გაიცემა მუდმივი მდებარეობა (დაცვის ადგილი) ამჟამინდელი ადგილსამყოფელი თაროზე განთავსების ადგილი შეძენის თარიღი ღირებულება, შესყიდვის ნორმალური ფასი სრული შენახვის შიფრი შტრიხკოდი ბოლო ოპერაციის თარიღი ეგზემპლარის მიმდევრობითი ნომერი (კეტერი?) Uniform Resource Identifier ფასის ძალაში შესვლის თარიღი ეგზემპლარის სახეობა საჯარო შენიშვნა
          ბათუმის შოთა რუსთაველის სახელმწიფო უნივერსიტეტის მთავარი ბიბლიოთეკა ბათუმის შოთა რუსთაველის სახელმწიფო უნივერსიტეტის მთავარი ბიბლიოთეკა წიგნსაცავი 2023-05-01 5.00 069.02(479.223) ბ-17 64285 2023-05-01 64285 ბსუ-ს საპატიო დოქტორის გურამ ლორთქიფანიძის საჩუქარი 2023-05-01 წიგნი 5 ლ.